Podbíjací agregát podbíjačky koľaje

Bibliographic Details
Main Author: Theurer, Josef (Author)
Corporate Author: Franz Plasser Bahnbaumaschinen-Industriegesellschaft m.b.H. (Viedeň, Rakúsko) (Patent holder)
Format: Book
Language:Slovak
Published: Banská Bystrica Úrad priemyselného vlastníctva SR 1996
Subjects:

MARC

LEADER 00000cam a2200000 a 4500
001 vtls001219686
003 SK-MaSNL
005 20260301194826.0
008 960412s1996 xo grj f00000 slo
035 |a SNK000164067 
040 |a SNK  |b slo  |c SNK  |e AACR2 
041 0 |a slo 
043 |a e-au--- 
044 |a xo  |c SK 
072 7 |a 625  |x Pozemné komunikácie. Železničné staviteľstvo  |2 konspekt 
072 7 |a 62  |x Technika všeobecne  |2 konspekt 
080 |a 625.143  |2 2001 
080 |a 62-1/-9  |2 2011 
080 |a (088.83)  |2 2001 
100 1 |a Theurer, Josef  |4 aut  |9 283735 
245 1 0 |a Podbíjací agregát podbíjačky koľaje  |c Josef Theurer 
260 |a Banská Bystrica  |b Úrad priemyselného vlastníctva SR  |c 1996 
650 0 7 |a koľajnice  |2 SNKPH  |9 3481 
650 0 7 |a podbíjačky koľají  |2 SNKPH  |9 575966 
650 0 7 |a podbíjací agregát  |2 SNKPH  |9 575957 
650 0 7 |a stroje  |2 SNKPH  |9 3551 
650 0 7 |a železničné stroje  |2 SNKPH  |9 283738 
655 7 |a patenty  |2 SNKPH  |9 177343 
710 2 |a Franz Plasser Bahnbaumaschinen-Industriegesellschaft m.b.H. (Viedeň, Rakúsko)  |4 pth  |9 283739 
999 |c 883239  |d 885169 
952 |t P60, <03>, [BOOK], {603}  |a SNK  |b SNK  |y PREZ  |7 0  |o snkSK 278126  |i snkPS 213/96  |0 0  |1 0  |4 0  |d 1996-09-09  |l 0  |r 2005-01-01 00:00:00  |w 2026-02-24